| 000 | 00749nam a22002057a 4500 | ||
|---|---|---|---|
| 003 | OSt | ||
| 005 | 20251205030129.0 | ||
| 008 | 251205b |||||||| |||| 00| 0 eng d | ||
| 020 | _a0-07-246331-7 | ||
| 040 |
_aDWC-Main lib _cOC |
||
| 082 |
_22nd edition _aCirc. 621.319 Al375 2004 |
||
| 100 | _aSadiku, M. | ||
| 245 |
_aFundamentals of electric circuits, 2nd ed. _cSadiku, Matthew N. |
||
| 250 | _a2nd edition | ||
| 260 |
_aN.Y. : _b McGraw-Hill Companies Inc., _c c2004 |
||
| 300 |
_axviii, 904 pages ; _b colores illustration ; _c25 cm. |
||
| 504 | _aIncludes bibliographical references and index. | ||
| 650 | _2Electric circuits. | ||
| 942 |
_2ddc _cBK-CIRC _e2nd edition _hCirc. 621.319 Al375 2004 _kCirc. _n0 |
||
| 999 |
_c6918 _d6918 |
||